[Event "40th Olympiad Open"]
[Site "Istanbul TUR"]
[Date "2012.08.28"]
[Round "1.73"]
[Board "1"]
[White "Omar, Noaman"]
[Black "Al-Hageri, Badr"]
[Result "1-0"]
[WhiteTitle "IM"]
[WhiteElo "2322"]
[BlackElo "2072"]
[WhiteTeam "United Arab Emirates"]
[BlackTeam "Kuwait"]
[WhiteFideId "9300244"]
[BlackFideId "10300163"]
[EventDate "2012.08.28"]

1. d4 Nf6 2. c4 e6 3. Nf3 d5 4. Nc3 c6 5. g3 Nbd7 6. Bg2 Bd6 7. O-O O-O 8. Nd2
Re8 9. Re1 Bc7 10. e4 c5 11. exd5 cxd4 12. Nb5 exd5 13. Rxe8+ Nxe8 14. cxd5 Ndf6
15. Qb3 Bb6 16. Nc4 Bc5 17. Ne5 a6 18. Nd3 Qe7 19. Na3 Ba7 20. Bf4 Nd6 21. Qb4
Nf5 22. Qxe7 Nxe7 23. Re1 Ng6 24. Bc7 Bf5 25. Rd1 Re8 26. h3 Re2 27. Nc4 Rc2 28.
Bb6 Bxb6 29. Nxb6 Bxd3 30. Rxd3 Rxb2 31. Na8 Rxa2 32. d6 b5 33. Rxd4 a5 34. d7
Nxd7 35. Rxd7 Nf8 36. Rb7 b4 37. Bd5 Ra1+ 38. Kg2 Ne6 39. Rb8+ Nf8 40. Nb6 1-0

[Event "40th Olympiad Open"]
[Site "Istanbul TUR"]
[Date "2012.08.28"]
[Round "1.76"]
[Board "2"]
[White "Dukaczewski, Piotr"]
[Black "Cheparinov, Ivan"]
[Result "1/2-1/2"]
[WhiteTitle "IM"]
[BlackTitle "GM"]
[WhiteElo "2228"]
[BlackElo "2681"]
[WhiteTeam "IBCA"]
[BlackTeam "Bulgaria"]
[WhiteFideId "1103520"]
[BlackFideId "2905540"]
[EventDate "2012.08.28"]

1. e4 c5 2. Nf3 d6 3. d4 cxd4 4. Nxd4 Nf6 5. f3 Nc6 6. c4 Qb6 7. Nc2 g6 8. Nc3
Bg7 9. Bd3 Be6 10. Nd5 Bxd5 11. cxd5 Ne5 12. b4 Rc8 13. Be3 Qc7 14. Bb5+ Nfd7
15. Rc1 O-O 16. O-O Nc4 17. Bd4 Bh6 18. f4 a6 19. Bxc4 Qxc4 20. a3 Ne5 21. Ne3
Qd3 22. Qxd3 Nxd3 23. Rxc8 Rxc8 24. g3 Bg7 25. Rd1 Nb2 26. Bxb2 Bxb2 27. Rd3
Rc1+ 28. Kf2 b5 29. Ke2 h5 30. h4 Kg7 31. Rb3 Bf6 32. Rd3 Ra1 33. Nc2 Rc1 34.
Kd2 Rh1 35. Re3 Bb2 36. Re1 Rh2+ 37. Re2 Rxe2+ 38. Kxe2 e6 39. Kd3 Kf6 40. Ke3
Bc1+ 41. Kf3 Ke7 42. Ke2 Bb2 43. Kd2 e5 44. Ke3 f5 45. Ne1 Bd4+ 46. Kf3 exf4 47.
gxf4 fxe4+ 48. Kxe4 Bf2 49. Ng2 Kf6 50. Kf3 Bb6 51. Ke4 a5 52. Ne1 Bf2 53. Ng2
Bb6 54. Ne1 a4 55. Nd3 Bd8 56. Ne1 Bb6 57. Ng2 Bf2 58. Kf3 Bd4 59. Ne3 Kf7 60.
Nc2 Ba7 61. Ke4 Kf6 62. Ne3 Bb6 63. Ng2 Bf2 64. Kf3 Bd4 65. Ne3 Ke7 66. Nc2 Bf6
67. Ke4 1/2-1/2

[Event "40th Olympiad Open"]
[Site "Istanbul TUR"]
[Date "2012.08.28"]
[Round "1.76"]
[Board "3"]
[White "Delchev, Aleksander"]
[Black "Grigorchuk, Sergey"]
[Result "1/2-1/2"]
[WhiteTitle "GM"]
[WhiteElo "2596"]
[BlackElo "2298"]
[WhiteTeam "Bulgaria"]
[BlackTeam "IBCA"]
[WhiteFideId "2900394"]
[BlackFideId "14114879"]
[EventDate "2012.08.28"]

1. d4 Nf6 2. c4 e6 3. g3 Bb4+ 4. Bd2 Bxd2+ 5. Qxd2 O-O 6. Bg2 d5 7. Nf3 Qe7 8.
O-O Rd8 9. Qc2 c5 10. cxd5 cxd4 11. Nxd4 Nxd5 12. Nc3 Nb4 13. Qe4 N8c6 14. Nb3
Bd7 15. a3 Nd5 16. Nxd5 exd5 17. Qxe7 Nxe7 18. Rfc1 Rac8 19. Nc5 Bc6 20. a4 b6
21. Nd3 Bd7 22. a5 Rxc1+ 23. Nxc1 b5 24. Nb3 Rc8 25. Nd4 Kf8 26. e3 a6 27. Kf1
Rc5 28. Ke1 Nc6 29. Nxc6 Bxc6 30. Kd2 Ke7 31. Bf1 Bb7 32. b4 Rc7 33. Ra3 Kd6 34.
Rc3 Rxc3 35. Kxc3 Ke5 36. Bd3 h6 37. f4+ Kd6 38. Bf5 g6 39. Bh3 f5 40. g4 Bc8
41. gxf5 gxf5 42. Bg2 Be6 43. Bf3 Bf7 44. Kd4 Be6 45. Bh5 Bd7 46. Bg6 Be6 47.
Be8 Bc8 48. Kd3 Bb7 49. Bf7 Bc6 50. Ke2 Ke7 51. Kf2 Kd6 52. Kg3 Be8 53. Be6 Kxe6
54. Kf3 Kd6 55. Kf2 Bh5 1/2-1/2

[Event "40th Olympiad Open"]
[Site "Istanbul TUR"]
[Date "2012.08.28"]
[Round "1.76"]
[Board "4"]
[White "Mueller, Oliver"]
[Black "Nikolov, Momchil"]
[Result "1/2-1/2"]
[WhiteTitle "FM"]
[BlackTitle "GM"]
[WhiteElo "2265"]
[BlackElo "2563"]
[WhiteTeam "IBCA"]
[BlackTeam "Bulgaria"]
[WhiteFideId "4633385"]
[BlackFideId "2905710"]
[EventDate "2012.08.28"]

1. d4 Nf6 2. c4 e6 3. Nf3 c5 4. d5 d6 5. Nc3 exd5 6. cxd5 g6 7. e4 Bg7 8. Bd3 a6
9. a4 Bg4 10. h3 Bxf3 11. Qxf3 O-O 12. O-O Nbd7 13. Bf4 Ne8 14. Qe2 Ne5 15. Bg3
f5 16. exf5 Nxd3 17. Qxd3 Rxf5 18. Rae1 Nc7 19. Re4 Qd7 20. Rfe1 Bf8 21. Rf4
Rxf4 22. Bxf4 Re8 23. Rxe8 Nxe8 24. Qe3 Bg7 25. Bh6 Bd4 26. Qf4 Qf7 27. Ne4 Bxb2
28. Nxd6 Qxf4 29. Bxf4 Nxd6 30. Bxd6 c4 31. Kf1 c3 32. Be5 Ba1 33. Bf4 b5 34.
axb5 axb5 35. Ke2 b4 36. d6 Kf7 37. d7 Ke7 38. Bd6+ Kxd7 39. Bxb4 c2 40. Kd2 Bd4
41. f3 Ke6 42. Kxc2 h5 43. Kd3 Kd5 44. Be7 Bb2 45. Bg5 Ke5 46. g4 hxg4 47. hxg4
Ba3 48. f4+ Ke6 49. Ke4 Bb2 50. Bd8 Bc3 51. Bb6 Bb2 52. Bd4 Bc1 53. f5+ gxf5+
54. gxf5+ Kf7 1/2-1/2

[Event "40th Olympiad Open"]
[Site "Istanbul TUR"]
[Date "2012.08.28"]
[Round "1.77"]
[Board "3"]
[White "Postny, Evgeny"]
[Black "Valenta, Vit"]
[Result "1-0"]
[WhiteTitle "GM"]
[WhiteElo "2638"]
[BlackElo "2162"]
[WhiteTeam "Israel"]
[BlackTeam "IPCA"]
[WhiteFideId "2804344"]
[BlackFideId "307440"]
[EventDate "2012.08.28"]

1. d4 Nf6 2. c4 g6 3. Nc3 d5 4. cxd5 Nxd5 5. Bd2 Bg7 6. e4 Nxc3 7. Bxc3 c5 8. d5
Bxc3+ 9. bxc3 Qa5 10. Qd2 O-O 11. h4 h5 12. Nf3 Nd7 13. Be2 Nf6 14. Ng5 Rd8 15.
O-O Bd7 16. Qf4 Be8 17. c4 Rac8 18. e5 Nh7 19. Nxh7 Kxh7 20. Bxh5 Qc3 21. Bg4
Rb8 22. h5 b5 23. Rac1 Qd4 24. hxg6+ fxg6 25. Qg5 Rb7 26. Rfd1 1-0

[Event "40th Olympiad Open"]
[Site "Istanbul TUR"]
[Date "2012.08.28"]
[Round "1.77"]
[Board "4"]
[White "Bernardi, Ruben"]
[Black "Avrukh, Boris"]
[Result "0-1"]
[BlackTitle "GM"]
[WhiteElo "2121"]
[BlackElo "2605"]
[WhiteTeam "IPCA"]
[BlackTeam "Israel"]
[WhiteFideId "804428"]
[BlackFideId "2803895"]
[EventDate "2012.08.28"]

1. e4 c5 2. Nf3 Nc6 3. d4 cxd4 4. Nxd4 Nf6 5. Nc3 d6 6. Bc4 e6 7. Be3 Be7 8. f3
a6 9. Qe2 Nxd4 10. Bxd4 b5 11. Bd3 O-O 12. Qf2 Qc7 13. O-O Bb7 14. Qg3 b4 15.
Nd1 e5 16. Be3 d5 17. Nf2 Nh5 18. Qh3 g6 19. Ng4 Kh8 20. exd5 Bxd5 21. Rae1 f6
22. Nh6 Bc5 23. Kh1 Bxe3 24. Rxe3 Nf4 25. Qh4 Qg7 26. Ng4 h5 27. Nf2 g5 28. Qg3
h4 29. Qg4 Be6 30. Bf5 Bf7 31. Be4 Bh5 32. Qf5 Bg6 33. Qg4 f5 34. Qxg5 fxe4 35.
Qxh4+ Bh7 36. g3 exf3 37. Ng4 Ng2 0-1

[Event "40th Olympiad Open"]
[Site "Istanbul TUR"]
[Date "2012.08.29"]
[Round "2.1"]
[Board "3"]
[White "Nezad, Husein Aziz"]
[Black "Eljanov, Pavel"]
[Result "0-1"]
[WhiteTitle "IM"]
[BlackTitle "GM"]
[WhiteElo "2393"]
[BlackElo "2693"]
[WhiteTeam "Qatar"]
[BlackTeam "Ukraine"]
[WhiteFideId "12100293"]
[BlackFideId "14102951"]
[EventDate "2012.08.28"]

1. d4 Nf6 2. c4 g6 3. Nc3 Bg7 4. Bg5 d6 5. e3 c5 6. Nf3 h6 7. Bh4 cxd4 8. exd4
g5 9. Bg3 Nh5 10. Be2 Nxg3 11. hxg3 Nc6 12. d5 Ne5 13. Nxe5 Bxe5 14. Qd2 Qb6 15.
f4 Bd4 16. Bh5 Bd7 17. Rd1 Be3 18. Qe2 gxf4 19. gxf4 Bxf4 20. Bxf7+ Kd8 21. Rd3
Bf5 22. Ne4 Qb4+ 0-1

[Event "40th Olympiad Open"]
[Site "Istanbul TUR"]
[Date "2012.08.29"]
[Round "2.3"]
[Board "4"]
[White "McMahon, Daire"]
[Black "Guseinov, Gadir"]
[Result "0-1"]
[WhiteTitle "FM"]
[BlackTitle "GM"]
[WhiteElo "2153"]
[BlackElo "2613"]
[WhiteTeam "Ireland"]
[BlackTeam "Azerbaijan"]
[WhiteFideId "2500477"]
[BlackFideId "13401378"]
[EventDate "2012.08.28"]

1. d4 d6 2. g3 g6 3. Bg2 Bg7 4. Nf3 Nd7 5. O-O e5 6. c4 Ne7 7. Nc3 O-O 8. dxe5
dxe5 9. Qc2 Nf5 10. Bg5 f6 11. Bd2 Nc5 12. Rad1 c6 13. Bh6 Qb6 14. Bxg7 Nxg7 15.
h3 Bf5 16. Qc1 g5 17. h4 h6 18. hxg5 hxg5 19. Rd6 Qb4 20. Rfd1 Qxc4 21. Nd2 Qf7
22. b4 Nce6 23. Nde4 Rad8 24. Qe3 a6 25. Qb6 Qe7 26. Rxd8 Nxd8 27. Nc5 Bc8 28.
N3e4 Nde6 29. e3 f5 30. Nc3 g4 31. N3a4 Ng5 32. Bf1 f4 33. Bc4+ Kh8 34. exf4
exf4 35. gxf4 Nh3+ 36. Kf1 g3 37. Nd3 Qe4 0-1

[Event "40th Olympiad Open"]
[Site "Istanbul TUR"]
[Date "2012.08.29"]
[Round "2.4"]
[Board "3"]
[White "Leiva, Giuseppe"]
[Black "Edouard, Romain"]
[Result "1/2-1/2"]
[WhiteTitle "FM"]
[BlackTitle "GM"]
[WhiteElo "2283"]
[BlackElo "2652"]
[WhiteTeam "Peru"]
[BlackTeam "France"]
[WhiteFideId "3804399"]
[BlackFideId "633429"]
[EventDate "2012.08.28"]

1. d4 Nf6 2. Nf3 c5 3. d5 b5 4. Bg5 Qb6 5. c3 Ne4 6. Bh4 Bb7 7. e3 Na6 8. a4 Nc7
9. axb5 Bxd5 10. Na3 e6 11. Qc2 Nd6 12. Nd2 f5 13. Bg3 Ne4 14. Nac4 Qb7 15. Na5
Qc8 16. c4 Bb7 17. Bxc7 Qxc7 18. Nxb7 Nxd2 19. Qxd2 Qxb7 20. Ra6 Be7 21. f3 O-O
22. Bd3 Bh4+ 23. g3 Qxf3 24. Rf1 Bxg3+ 25. hxg3 Qxg3+ 26. Qf2 Qe5 27. Kd1 g5 28.
Kc2 d5 29. cxd5 c4 30. Bxc4 Rac8 31. Rc6 Qe4+ 32. Bd3 Qxd5 33. Qf3 Qe5 34. Bc4
Kg7 35. Rd1 Rce8 36. Rd7+ Kg6 37. Rcc7 Rc8 38. Qh1 h5 39. Rg7+ Qxg7 40. Rxg7+
Kxg7 41. Kb3 Kg6 42. Bxe6 Rc5 43. Bd7 Re5 44. Qc6+ Kg7 45. Qc3 Kf6 46. Qc6+ Kg7
47. Qc3 Kf6 48. Qc6+ 1/2-1/2

[Event "40th Olympiad Open"]
[Site "Istanbul TUR"]
[Date "2012.08.29"]
[Round "2.4"]
[Board "4"]
[White "Tkachiev, Vladislav"]
[Black "Pacheco, Marco"]
[Result "1-0"]
[WhiteTitle "GM"]
[BlackTitle "FM"]
[WhiteElo "2644"]
[BlackElo "2383"]
[WhiteTeam "France"]
[BlackTeam "Peru"]
[WhiteFideId "618438"]
[BlackFideId "3800989"]
[EventDate "2012.08.28"]

1. Nf3 Nf6 2. c4 e6 3. g3 b6 4. Bg2 Bb7 5. d4 Bb4+ 6. Bd2 a5 7. O-O O-O 8. Bg5
Be7 9. Qc2 h6 10. Bxf6 Bxf6 11. Nc3 d6 12. Rad1 g6 13. h4 h5 14. e4 Bg7 15. Rfe1
Nd7 16. Nb5 Bc6 17. Ng5 Re8 18. d5 exd5 19. Nxc7 Qxc7 20. cxd5 Nc5 21. dxc6 Rad8
22. e5 dxe5 23. Bd5 Rxd5 24. Rxd5 Qxc6 25. Qc4 Qc7 26. Red1 Qe7 27. Qb5 e4 28.
Qxe8+ Qxe8 29. Rd8 Kf8 30. Rxe8+ Kxe8 31. Rd6 Bxb2 32. Rxb6 Nd3 33. Nxe4 a4 34.
Nc5 1-0

[Event "40th Olympiad Open"]
[Site "Istanbul TUR"]
[Date "2012.08.29"]
[Round "2.5"]
[Board "3"]
[White "Gupta, Abhijeet"]
[Black "Sanal, Vahap"]
[Result "1-0"]
[WhiteTitle "GM"]
[BlackTitle "FM"]
[WhiteElo "2637"]
[BlackElo "2387"]
[WhiteTeam "India"]
[BlackTeam "Turkey 2016"]
[WhiteFideId "5010608"]
[BlackFideId "6300545"]
[EventDate "2012.08.28"]

1. d4 Nf6 2. c4 e6 3. g3 Bb4+ 4. Bd2 Bxd2+ 5. Qxd2 d5 6. Bg2 O-O 7. Nf3 b6 8.
O-O c6 9. Nc3 Ba6 10. b3 Nbd7 11. Ne5 Rc8 12. Rfd1 Qc7 13. f4 Rfd8 14. Rac1 Qd6
15. g4 dxc4 16. bxc4 c5 17. Nb5 Bxb5 18. cxb5 Nf8 19. Nc6 cxd4 20. g5 Nh5 21. e3
e5 22. fxe5 Qe6 23. exd4 Ng6 24. d5 Qg4 25. h3 Qh4 26. d6 1-0

[Event "40th Olympiad Open"]
[Site "Istanbul TUR"]
[Date "2012.08.29"]
[Round "2.5"]
[Board "4"]
[White "Dastan, Muhammed Batuhan"]
[Black "Gopal, G.N."]
[Result "1/2-1/2"]
[WhiteTitle "FM"]
[BlackTitle "GM"]
[WhiteElo "2317"]
[BlackElo "2550"]
[WhiteTeam "Turkey 2016"]
[BlackTeam "India"]
[WhiteFideId "6300014"]
[BlackFideId "5015693"]
[EventDate "2012.08.28"]

1. e4 c5 2. Nf3 d6 3. d4 cxd4 4. Nxd4 Nf6 5. Nc3 a6 6. Bc4 e6 7. O-O b5 8. Bb3
Be7 9. Qf3 Qb6 10. Be3 Qb7 11. Qg3 b4 12. Na4 Nbd7 13. f3 O-O 14. a3 a5 15. Rfd1
Kh8 16. Kh1 Re8 17. axb4 axb4 18. Ne2 Qb8 19. Qe1 Ba6 20. Nf4 Bf8 21. Qd2 Qb7
22. Nd3 Rab8 23. Bf4 Nh5 24. Be3 Nhf6 25. Bf4 Nh5 26. Be3 Nhf6 1/2-1/2

[Event "40th Olympiad Open"]
[Site "Istanbul TUR"]
[Date "2012.08.29"]
[Round "2.6"]
[Board "3"]
[White "Quesada Perez, Yuniesky"]
[Black "Klasan, Vladimir"]
[Result "1-0"]
[WhiteTitle "GM"]
[WhiteElo "2626"]
[BlackElo "2342"]
[WhiteTeam "Cuba"]
[BlackTeam "ICSC"]
[WhiteFideId "3504409"]
[BlackFideId "934054"]
[EventDate "2012.08.28"]

1. e4 c5 2. Nf3 d6 3. d4 cxd4 4. Nxd4 Nf6 5. Nc3 Nc6 6. Bg5 e6 7. Qd2 Be7 8.
O-O-O Nxd4 9. Qxd4 O-O 10. f4 h6 11. Bh4 Qa5 12. Bc4 Qh5 13. Bg3 Rd8 14. Rhe1
Bd7 15. f5 exf5 16. exf5 Re8 17. Nb5 Rac8 18. Bxd6 Bxb5 19. Bxb5 Bxd6 20. Bxe8
Nxe8 21. Qa4 Qg5+ 22. Kb1 Qd8 23. g4 Nf6 24. h4 h5 25. g5 Ng4 26. g6 Nf6 27.
gxf7+ Kxf7 28. Re6 Ne8 29. Qb3 Kf8 30. Qd3 Be7 31. Qe2 Bd6 32. f6 g6 33. Qe3 Kf7
34. Rdxd6 Nxd6 35. Re7+ Kg8 36. Rg7+ Kf8 37. Qe6 1-0

[Event "40th Olympiad Open"]
[Site "Istanbul TUR"]
[Date "2012.08.29"]
[Round "2.7"]
[Board "1"]
[White "Arias Santana, Mauricio"]
[Black "Bartel, Mateusz"]
[Result "0-1"]
[WhiteTitle "IM"]
[BlackTitle "GM"]
[WhiteElo "2326"]
[BlackElo "2654"]
[WhiteTeam "Costa Rica"]
[BlackTeam "Poland"]
[WhiteFideId "6500366"]
[BlackFideId "1112635"]
[EventDate "2012.08.28"]

1. d4 f5 2. Nc3 d5 3. Bg5 c6 4. e3 g6 5. h4 Bg7 6. Bd3 Nd7 7. Nge2 Qb6 8. h5 e5
9. hxg6 hxg6 10. Rxh8 Bxh8 11. dxe5 Nxe5 12. Rb1 Be6 13. b4 Bf7 14. Na4 Qc7 15.
Nc5 b6 16. Na6 Qb7 17. a4 Nf6 18. Bf4 Ne4 19. f3 Rd8 20. Kf1 Bf6 21. Kg1 Kf8 22.
b5 c5 23. Qe1 Nd6 24. Qg3 Qe7 25. Bh6+ Kg8 26. Nc1 Bh4 27. Qh3 g5 28. f4 g4 0-1

[Event "40th Olympiad Open"]
[Site "Istanbul TUR"]
[Date "2012.08.29"]
[Round "2.7"]
[Board "3"]
[White "Gonzalez, Bernal"]
[Black "Swiercz, Dariusz"]
[Result "0-1"]
[WhiteTitle "IM"]
[BlackTitle "GM"]
[WhiteElo "2413"]
[BlackElo "2594"]
[WhiteTeam "Costa Rica"]
[BlackTeam "Poland"]
[WhiteFideId "6500170"]
[BlackFideId "1126881"]
[EventDate "2012.08.28"]

1. d4 Nf6 2. c4 g6 3. Nc3 d5 4. Nf3 Bg7 5. Qa4+ Bd7 6. Qb3 dxc4 7. Qxc4 O-O 8.
Bf4 c6 9. e4 Qa5 10. b4 Qd8 11. Be2 a5 12. bxa5 Qxa5 13. O-O b5 14. Qd3 b4 15.
Nb1 c5 16. Nbd2 cxd4 17. Nxd4 Nc6 18. N2b3 Qb6 19. Nxc6 Bxc6 20. Be3 Qb8 21. f3
Nh5 22. Rac1 Bb7 23. Nc5 Rxa2 24. Nd7 Qa8 25. Nxf8 Ba6 26. Rc4 Bxf8 27. Bd1 e6
28. Bb3 Bxc4 29. Qxc4 Ra1 30. Bd4 Rxf1+ 31. Kxf1 h6 32. g3 Qd8 33. Be3 Nf6 34.
Qd4 Qe7 35. Qa7 Qd8 36. Qd4 Qe7 37. Qa7 Nd7 38. Bd4 Qd6 39. Ke2 Bg7 40. Be3 Ne5
41. Qa2 h5 42. Bc2 Qc6 43. Kf2 Nc4 44. Qa4 Qc8 45. Bf4 Bd4+ 46. Kg2 Be3 47. Bb3
Bxf4 48. gxf4 Ne3+ 49. Kf2 Qc3 50. Qa2 Qd4 51. Kg3 Kg7 52. h4 Nf1+ 53. Kg2 Ne3+
54. Kg3 Qc3 55. Kf2 Kh6 56. Kg3 Qe1+ 57. Qf2 Nf1+ 58. Kg2 Qxf2+ 59. Kxf2 Nd2 60.
Bc2 b3 61. Ke2 Nxf3 0-1

[Event "40th Olympiad Open"]
[Site "Istanbul TUR"]
[Date "2012.08.29"]
[Round "2.9"]
[Board "4"]
[White "Vocaturo, Daniele"]
[Black "Li, Chao b"]
[Result "0-1"]
[WhiteTitle "GM"]
[BlackTitle "GM"]
[WhiteElo "2542"]
[BlackElo "2665"]
[WhiteTeam "Italy"]
[BlackTeam "China"]
[WhiteFideId "813192"]
[BlackFideId "8604436"]
[EventDate "2012.08.28"]

1. e4 e5 2. Nf3 Nf6 3. d4 Nxe4 4. dxe5 d5 5. Nbd2 Be7 6. Nxe4 dxe4 7. Qxd8+ Bxd8
8. Nd4 O-O 9. Bf4 Nd7 10. O-O-O c6 11. e6 Nb6 12. Bd6 Bg5+ 13. Kb1 Re8 14. exf7+
Kxf7 15. Be2 Bf6 16. Bg3 g6 17. Rhe1 Kg7 18. h3 a5 19. Bf1 a4 20. a3 Bd7 21. Nb5
cxb5 22. Bc7 Bxh3 23. Bxb5 Re7 24. Bxb6 Bxg2 25. Bc5 Rf7 26. Bd6 Bf3 27. Rd2 Rd8
28. c4 b6 29. Bxa4 h5 30. b4 Ra7 31. Bb3 Rad7 32. c5 bxc5 33. bxc5 Bc3 34. Red1
Bxd2 35. Rxd2 Kf6 36. Ba4 Rxd6 37. cxd6 h4 0-1

[Event "40th Olympiad Open"]
[Site "Istanbul TUR"]
[Date "2012.08.29"]
[Round "2.12"]
[Board "4"]
[White "Stocek, Jiri"]
[Black "Yilmaz, Mustafa"]
[Result "1/2-1/2"]
[WhiteTitle "GM"]
[BlackTitle "IM"]
[WhiteElo "2569"]
[BlackElo "2543"]
[WhiteTeam "Czech Republic"]
[BlackTeam "Turkey"]
[WhiteFideId "304760"]
[BlackFideId "6302718"]
[EventDate "2012.08.28"]

1. c4 e5 2. Nc3 Nc6 3. Nf3 g6 4. d4 exd4 5. Nxd4 Bg7 6. Nf3 Nge7 7. e4 O-O 8.
Be2 d6 9. Bg5 h6 10. Bd2 Ne5 11. O-O Be6 12. b3 N7c6 13. Rc1 Nxf3+ 14. Bxf3 Nd4
15. Be3 Nxf3+ 16. Qxf3 c6 17. Rfd1 Qe7 18. Qg3 Rfd8 19. f4 Kh7 20. Bd4 Bxd4+ 21.
Rxd4 a6 22. Rf1 f5 23. Re1 Qg7 24. Red1 fxe4 25. Nxe4 d5 26. Qh4 Kh8 27. Ng5 Bg8
28. cxd5 Rxd5 29. Nf3 Re8 30. Ne5 Kh7 31. Rxd5 Bxd5 32. Rd3 g5 33. Qh5 Rf8 34.
fxg5 Qxg5 35. h3 a5 36. Nd7 Rf4 37. Nb6 Rf5 1/2-1/2

[Event "40th Olympiad Open"]
[Site "Istanbul TUR"]
[Date "2012.08.29"]
[Round "2.13"]
[Board "2"]
[White "Zhigalko, Andrey"]
[Black "Salgado Lopez, Ivan"]
[Result "1/2-1/2"]
[WhiteTitle "GM"]
[BlackTitle "GM"]
[WhiteElo "2582"]
[BlackElo "2638"]
[WhiteTeam "Belarus"]
[BlackTeam "Spain"]
[WhiteFideId "13502247"]
[BlackFideId "2257327"]
[EventDate "2012.08.28"]

1. c4 e5 2. Nc3 Nf6 3. Nf3 Nc6 4. g3 Bb4 5. Nd5 e4 6. Nh4 d6 7. Bg2 g5 8. Qa4
gxh4 9. Nxb4 Bd7 10. Nxc6 Bxc6 11. Qa3 Ng4 12. d3 f5 13. Bf4 h3 14. Bxh3 exd3
15. O-O dxe2 16. Rfe1 Qf6 17. Rxe2+ Kd7 18. Rae1 Rhe8 19. Qd3 Rxe2 20. Rxe2 Re8
21. Rxe8 Kxe8 22. f3 Ne5 23. Bxe5 Qxe5 24. Bxf5 Qxb2 25. Qe3+ Kf8 26. Qh6+ Qg7
27. Qxh7 Qd4+ 28. Kg2 Qd2+ 29. Kh3 Bxf3 30. Qg6 Qd4 31. g4 Qh8+ 32. Kg3 Bc6 33.
Qg5 Qc3+ 34. Kh4 Qh8+ 35. Kg3 Qc3+ 36. Kh4 Qh8+ 1/2-1/2

[Event "40th Olympiad Open"]
[Site "Istanbul TUR"]
[Date "2012.08.29"]
[Round "2.13"]
[Board "3"]
[White "Illescas Cordoba, Miguel"]
[Black "Teterev, Vitaly"]
[Result "1-0"]
[WhiteTitle "GM"]
[BlackTitle "GM"]
[WhiteElo "2601"]
[BlackElo "2528"]
[WhiteTeam "Spain"]
[BlackTeam "Belarus"]
[WhiteFideId "2200015"]
[BlackFideId "13501429"]
[EventDate "2012.08.28"]

1. d4 Nf6 2. c4 g6 3. g3 c6 4. Nf3 d5 5. Qb3 Bg7 6. Bg2 Qb6 7. Nc3 O-O 8. O-O
Rd8 9. c5 Qxb3 10. axb3 Na6 11. Bf4 Nh5 12. Be3 Bg4 13. Ra4 Nc7 14. Ne5 Bc8 15.
g4 Bxe5 16. dxe5 Ng7 17. f3 Nge6 18. Bf2 Na6 19. b4 d4 20. Ne4 b5 21. cxb6 axb6
22. Bh4 Kf8 23. f4 Ng7 24. Nf2 Bb7 25. Nd3 Nc7 26. Rxa8 Bxa8 27. Ra1 Nb5 28. Ra6
Rb8 29. Kf2 e6 30. Rxa8 Rxa8 31. Bxc6 Nc7 32. Bxa8 Nxa8 33. Kf3 h5 34. h3 hxg4+
35. hxg4 Ne8 36. Ke4 Nec7 37. Kxd4 Ke8 38. e4 Kd7 39. Kc4 Kc6 40. b5+ Kd7 41. b3
Ne8 42. Kb4 Ng7 43. Nb2 Ne8 44. Nc4 Kc7 45. Ka4 Kd7 46. Bf2 Kc7 47. Bd4 Kb7 48.
Nd6+ 1-0

[Event "40th Olympiad Open"]
[Site "Istanbul TUR"]
[Date "2012.08.29"]
[Round "2.13"]
[Board "4"]
[White "Stupak, Kirill"]
[Black "Perez Candelario, Manuel"]
[Result "1/2-1/2"]
[WhiteTitle "GM"]
[BlackTitle "GM"]
[WhiteElo "2523"]
[BlackElo "2575"]
[WhiteTeam "Belarus"]
[BlackTeam "Spain"]
[WhiteFideId "13503758"]
[BlackFideId "2210622"]
[EventDate "2012.08.28"]

1. d4 d5 2. Nf3 Nf6 3. c4 c6 4. Nc3 e6 5. g3 dxc4 6. a4 c5 7. e3 Nc6 8. Bxc4
cxd4 9. exd4 Be7 10. O-O O-O 11. Re1 Bd7 12. d5 exd5 13. Nxd5 Nxd5 14. Bxd5 Bg4
15. Bf4 Bb4 16. Re3 Bc5 17. Rd3 Qb6 18. Bxc6 bxc6 19. Rb3 Qa6 20. Qc2 Be7 21.
Re3 Bf6 22. Rae1 Rac8 23. Bd6 Rfd8 24. Bc7 Rf8 25. Be5 c5 26. Bxf6 Qxf6 27. Ne5
Be6 28. Qc3 Rfd8 29. h4 Rd4 30. Qa5 h6 31. Qxa7 Qd8 32. Qa6 Rd6 33. Qb5 Rb6 34.
Qe2 c4 35. Rd1 Qc7 36. Rd4 Rb4 37. Kh2 Qb7 38. Rd2 Rxa4 39. Qf3 Qxf3 40. Nxf3 1/2-1/2

[Event "40th Olympiad Open"]
[Site "Istanbul TUR"]
[Date "2012.08.29"]
[Round "2.14"]
[Board "2"]
[White "Stevic, Hrvoje"]
[Black "Dzhumaev, Marat"]
[Result "1/2-1/2"]
[WhiteTitle "GM"]
[BlackTitle "GM"]
[WhiteElo "2614"]
[BlackElo "2499"]
[WhiteTeam "Croatia"]
[BlackTeam "Uzbekistan"]
[WhiteFideId "14502569"]
[BlackFideId "14200236"]
[EventDate "2012.08.28"]

1. e4 c5 2. d3 Nc6 3. f4 g6 4. Nf3 Bg7 5. Be2 d6 6. O-O Nh6 7. c3 O-O 8. h3 f5
9. Be3 Nf7 10. Nbd2 b6 11. d4 cxd4 12. Nxd4 Nxd4 13. cxd4 fxe4 14. Nxe4 d5 15.
Nd2 Nd6 16. Nf3 Nc4 17. Qc1 Bf5 18. b3 Nd6 19. Qa3 Be4 20. Ne5 Nf5 21. Bf2 Bxe5
22. dxe5 Rc8 23. Rac1 d4 24. Rfd1 Rxc1 25. Qxc1 Qa8 26. g4 Rc8 27. Bc4+ Kh8 28.
gxf5 Bh1 29. Kf1 Qg2+ 30. Ke1 Qe4+ 31. Kd2 Qxf4+ 32. Ke1 Qe4+ 33. Kd2 Qf4+ 34.
Ke1 Qe4+ 35. Kd2 Qf4+ 36. Ke1 Qe4+ 1/2-1/2

[Event "40th Olympiad Open"]
[Site "Istanbul TUR"]
[Date "2012.08.29"]
[Round "2.14"]
[Board "3"]
[White "Kvon, Andrey"]
[Black "Palac, Mladen"]
[Result "1/2-1/2"]
[WhiteTitle "IM"]
[BlackTitle "GM"]
[WhiteElo "2492"]
[BlackElo "2599"]
[WhiteTeam "Uzbekistan"]
[BlackTeam "Croatia"]
[WhiteFideId "14201356"]
[BlackFideId "14500116"]
[EventDate "2012.08.28"]

1. c4 e5 2. Nc3 Nf6 3. Nf3 Nc6 4. e3 Bb4 5. Qc2 Bxc3 6. Qxc3 Qe7 7. Be2 d5 8.
cxd5 Nxd5 9. Qb3 Nb6 10. d3 Be6 11. Qc2 Nb4 12. Qb1 c5 13. O-O Nc6 14. b3 O-O
15. Ba3 Bf5 16. Qc1 Nd7 17. Rd1 Rac8 18. Qd2 Rfe8 19. Rac1 b6 20. Bb2 a5 21. h3
h6 22. Bf1 Red8 23. Bc3 Nf8 24. Qb2 Ng6 25. a3 Re8 26. Re1 Red8 27. Rcd1 Re8 28.
Nd2 b5 29. Qa1 Be6 30. Bb2 Red8 31. Rc1 Bf5 32. Ne4 Nb8 33. Bc3 b4 34. Bb2 Nd7
35. Nd2 Nb6 36. d4 cxd4 37. Rxc8 Rxc8 38. exd4 Bxh3 39. dxe5 Be6 40. Bd4 Nd5 41.
Nc4 bxa3 42. Qxa3 Qxa3 43. Nxa3 Nb4 44. Bb6 Nc6 45. Rc1 Nge7 46. Bc4 Bxc4 47.
Nxc4 a4 48. Rb1 axb3 49. Rxb3 Rb8 50. f4 Nd4 51. Rb2 Ne6 52. g3 g5 1/2-1/2